Score 0/18 Timer 03:00
4 Plays Today
% Correct
Japan
94.6%
Denmark
88.1%
Finland
87.9%
Sweden
87.5%
Ireland
87.4%
Poland
84.1%
Nigeria
75.9%
Côte d’Ivoire
73.4%
Pakistan
71.5%
% Correct
Bangladesh
71.3%
Saudi Arabia
71.1%
Monaco
71%
Ghana
69%
Indonesia
66.8%
Guinea-Bissau
61.1%
São Tomé and Príncipe
60.2%
Palau
55.6%
Niger
51.6%

You're not logged in!

Compare scores with friends on all Sporcle quizzes.
OR
Log In

Sporcle TV

Today on Sporcle TV


Watch our educational content, quiz creation guides, and fun videos on Sporcle TV.

Show Comments

Extras

Top Quizzes Today


Score Distribution

Paid Content

Your Account Isn't Verified!

In order to create a playlist on Sporcle, you need to verify the email address you used during registration. Go to your Sporcle Settings to finish the process.

Report this User

Report this user for behavior that violates our Community Guidelines.

Details: